Highway design and traffic safety engineering handbook /

Tallennettuna:
Bibliografiset tiedot
Päätekijä: Lamm, Ruediger.
Aineistotyyppi: Kirja
Kieli:English
Julkaistu: New York : McGraw-Hill, 1999.
Aiheet:
Tagit: Lisää tagi
Ei tageja, Lisää ensimmäinen tagi!
Thư viện lưu trữ: Mạng thư viện Đại học Đà Nẵng
LEADER 01180cam a2200373 i 4500
001 000046468
003 5938
005 20030217172005.0
008 010220|1999 vm 000 eng
020 |a 0070382956 
040 |a IRC  |c IRC  |d IRC 
041 0 |a eng 
082 1 4 |a 625.725  |b LA-R 
100 1 |a Lamm, Ruediger. 
245 0 0 |a Highway design and traffic safety engineering handbook /  |c Ruediger Lamm. 
260 |a New York :  |b McGraw-Hill,  |c 1999. 
300 |a 1v. (various pagings) :  |b ill., maps. 
630 0 4 |a Roads. 
630 0 4 |a Traffic safety. 
650 0 4 |a Roads  |x Design and construction. 
650 0 4 |a Roads  |x Safety measures. 
650 0 4 |a Traffic safety. 
OWN |a DUT 
AVA |a UDN50  |b DUT  |c Book  |d 625.725 LA-R  |e available  |t Error 5001 Not defined in file expand_doc_bib_avail.  |f 1  |g 0  |h N  |i 0  |j SH  |k 1 
999 |a From the UDN01 
AVA |a UDN50  |b DUT  |c Book  |d 625.725 LA-R  |e available  |t Error 5001 Not defined in file expand_doc_bib_avail.  |f 1  |g 0  |h N  |i 0  |j SH  |k 1 
TYP |a Monograph 
TYP |a Printed language 
980 |a Mạng thư viện Đại học Đà Nẵng